Enseñar a través de la comprensión. Modelo por diseño.

Gardado en:
Detalles Bibliográficos
Autor Principal: Wiggins, Grant (autor)
Outros autores: Mc Tighe, Jay (autor), Barraza Carbajal, Natalia (traducción)
Formato: Unknown
Publicado: Ciudad de México, México: Trillas, 2017.
Edición:Primera edición en español.
Subjects:
Tags: Engadir etiqueta
Sen Etiquetas, Sexa o primeiro en etiquetar este rexistro!

MARC

LEADER 00000 a2200000 4500
003 CL-VaPUC
005 20221107110507.0
008 221020t2017 ||||| |||| 00| 0 eng d
999 |c 438980  |d 438978 
020 |a 978-607-17-2938-5 
040 |c Pontificia Universidad Católica de Valparaíso 
082 7 |a 375.001 WIG 2017  |2 22 
100 |a Wiggins, Grant  |9 876911  |e autor 
245 |a Enseñar a través de la comprensión.   |b Modelo por diseño. 
250 |a Primera edición en español.  
260 |a Ciudad de México, México:  |b Trillas,   |c 2017. 
300 |a 288 páginas.  
583 |k GC  |c 20221020 
650 0 |a Currículo  |9 307290 
650 0 |a Diseño curricular  |9 378490 
650 0 |a Estrategias de aprendizaje  |9 502281 
700 |a Mc Tighe, Jay  |e autor  |9 877820 
700 |a Barraza Carbajal, Natalia  |e traducción   |9 877821 
942 |2 ddc  |c BK 
952 |0 0  |1 0  |2 ddc  |4 0  |6 375_001000000000000_WIG_2017  |7 0  |8 A  |9 587422  |a BIBHIS  |b BIBHIS  |d 2022-10-20  |e 3  |g 32777.33  |i 5655319  |o 375.001 WIG 2017  |p 5655319  |r 2025-01-20  |t 1  |v 32777.33  |w 2022-10-20  |y BK  |k HIS 
952 |0 0  |1 0  |2 ddc  |4 0  |6 375_001000000000000_WIG_2017  |7 0  |8 A  |9 587423  |a BIBHIS  |b BIBHIS  |c GEN  |d 2022-10-20  |e 3  |g 32777.33  |i 5655321  |o 375.001 WIG 2017  |p 5655321  |r 2025-01-20  |t 3  |v 32777.33  |w 2022-10-20  |y BK  |k HIS 
952 |0 0  |1 0  |2 ddc  |4 0  |6 375_001000000000000_WIG_2017  |7 0  |8 A  |9 587424  |a BIBHIS  |b BIBHIS  |c GEN  |d 2022-10-20  |e 3  |g 32777.33  |i 5655320  |l 1  |o 375.001 WIG 2017  |p 5655320  |r 2025-01-20  |s 2024-08-08  |t 2  |v 32777.33  |w 2022-10-20  |y BK  |k HIS